Fundamentos de derecho civil / (Record no. 122683)

MARC details
000 -LEADER
campo de control de longitud fija 00747nam a2200205 i 4500
001 - NÚMERO DE CONTROL
campo de control 122683
003 - IDENTIFICADOR DE NÚMERO DE CONTROL
campo de control ES-MaACL
005 - FECHA Y HORA DE LA ÚLTIMA TRANSACCIÓN
campo de control 20251114063116.0
007 - CAMPO FIJO DE DESCRIPCIÓN FÍSICA--INFORMACIÓN GENERAL
campo de control de longitud fija t|
008 - DATOS DE LONGITUD FIJA--INFORMACIÓN GENERAL
campo de control de longitud fija 070214m19531970sp r ||||1| spa d
100 1# - ENTRADA PRINCIPAL--NOMBRE DE PERSONA
Nombre de persona Puig Brutau, José,
Fechas asociadas al nombre 1909-2003
9 (RLIN) 94254
245 10 - MENCIÓN DEL TÍTULO
Título Fundamentos de derecho civil /
Mención de responsabilidad, etc. José Puig Brutau.
260 ## - PUBLICACIÓN, DISTRIBUCIÓN, ETC.
Lugar de publicación, distribución, etc. Barcelona :
Nombre del editor, distribuidor, etc. Bosch,
Fecha de publicación, distribución, etc. 1953-1970.
300 ## - DESCRIPCIÓN FÍSICA
Extensión 3 v. ;
Dimensiones 23 cm.
505 8# - NOTA DE CONTENIDO CON FORMATO
Nota de contenido con formato Contiene: Tomo II. Vol. I. Doctrina general del contrato. Tomo III. Vol. I. Derecho de cosas. Tomo IV. Vol. II. Filiación, patria potestad, adopción, alimentos, tutela.
650 07 - PUNTO DE ACCESO ADICIONAL DE MATERIA--TÉRMINO DE MATERIA
Término de materia o nombre geográfico como elemento de entrada Derecho civil
Fuente del encabezamiento o término embne
9 (RLIN) 11656
852 ## - LOCALIZACIÓN
Ubicación ES-MaACL
Número de control de estantería P-381
852 ## - LOCALIZACIÓN
Ubicación ES-MaACL
Número de control de estantería L-8344
Nota libre .- Tomo IV
Holdings
Estatus retirado Estado de pérdida Estado de daño No para préstamo Biblioteca de origen Biblioteca actual Ubicación en estantería Fecha de adquisición Fuente de adquisición Total de préstamos Signatura topográfica completa Código de barras Visto por última vez Precio de reemplazo Tipo de ítem Koha
        Biblioteca del Ateneo de Madrid Biblioteca del Ateneo de Madrid Depósito 2 29/01/2019     L-8344 1199712 23/02/2023 23/02/2023 Libro impreso
        Biblioteca del Ateneo de Madrid Biblioteca del Ateneo de Madrid Depósito 2 17/01/2008     P-381 1127837 23/02/2023 23/02/2023 Libro impreso